000 00446nam a2200157Ia 4500
999 _c14461
_d14461
003 OSt
005 20260305125034.0
008 190216s9999||||xx |||||||||||||| ||und||
040 _coclc
082 _a869.342
_bCOE/T
100 1 _aCoelho, Paulo
_95599
245 4 _aThe Zahir /
_cPaulo Coelho
260 _bHarper Collins Publishers,
_c2006.
_aLondon:
300 _a363p
942 _cBK
_2ddc
_h869.342
_iCOE/T
_k869.342
_mCOE/T